Statistics for Croatia EUROs Starting XIs

Click here to take the quiz!

General Stats

  • This quiz has been taken 76 times
  • The average score is 40 of 66

Answer Stats

HintAnswer% Correct
2012LMIvan Perisic
98%
2020LWIvan Perisic
98%
2016LMIvan Perisic
98%
2012CMLuka Modric
98%
2016AMLuka Modric
98%
2008DMLuka Modric
98%
2020CMLuka Modric
98%
2016STMario Mandzukic
98%
2012STMario Mandzukic
98%
2020CBDejan Lovren
92%
2020CBDomagoj Vida
92%
2016CBDomagoj Vida
92%
2008LMIvan Rakitic
92%
2012RMIvan Rakitic
92%
2016RMIvan Rakitic
92%
2008DMNiko Kovac
92%
2004CMNiko Kovac
92%
2004CBRobert Kovac
92%
2008CBRobert Kovac
92%
2020GKDominik Livakovic
87%
2016GKDanijel Subasic
86%
2012RBDarijo Srna
86%
2016RBDarijo Srna
86%
2008RMDarijo Srna
86%
1996STDavor Suker
84%
2020CMMateo Kovacic
83%
2008STIvica Olic
79%
2016DMMarcelo Brozovic
76%
2020CMMarcelo Brozovic
76%
2012GKStipe Pletikosa
71%
2008GKStipe Pletikosa
71%
2020STAnte Rebic
68%
2020LBJosko Gvardiol
68%
2016CBVedran Corluka
67%
2008RBVedran Corluka
67%
2012CBVedran Corluka
67%
2016LBIvan Strinic
59%
2012LBIvan Strinic
59%
2020RBJosip Juranovic
57%
1996AMZvonimir Boban
57%
2004CMIgor Tudor
46%
2008AMNiko Kranjcar
46%
2004STDado Prso
44%
2004CBJosip Simunic
44%
2008CBJosip Simunic
44%
1996CMRobert Prosinecki
44%
2008LBDanijel Pranjic
37%
2012STNikica Jelavic
35%
2020RWNikola Vlasic
35%
1996CBSlaven Bilic
33%
2016DMMilan Badelj
32%
1996CMAljosa Asanovic
24%
2004RBDario Simic
24%
1996GKDrazen Ladic
22%
1996CBIgor Stimac
21%
1996STGoran Vlaovic
19%
1996LMRobert Jarni
19%
2004LMMilan Rapaic
17%
2012CMOgnjen Vukojevic
14%
1996RMMario Stanic
13%
2004GKTomislav Butina
13%
2004LBBoris Zivkovic
10%
1996CBNikola Jerkan
10%
2012CBGordon Schildenfeld
8%
2004STTomislav Sokota
6%
2004RMDovani Roso
3%

Score Distribution

Percentile by Number Answered

Percent of People with Each Score

Your Score History

You have not taken this quiz